000 00320pab a2200121 454500
008 180718b xxu||||| |||| 00| 0 eng d
100 _aDeshmukh, B.G
245 _aRole of cabinet secretary: post must not be politicised
650 _a Civil Service
650 _aCabinet Secretary
773 _aTimes of India
909 _a2402
999 _c2402
_d2402